Vzdelávanie pracovníkov ako proces zdieľania a zvyšovania znalostí
Saved in:
| Main Author: | |
|---|---|
| Other Authors: | |
| Format: | Book Chapter |
| Language: | Slovak |
| Tags: |
No Tags, Be the first to tag this record!
|
MARC
| LEADER | 00000nla a2200000 4500 | ||
|---|---|---|---|
| 001 | 0198096 | ||
| 005 | 20240502083503.5 | ||
| 041 | 0 | |a slo | |
| 044 | |a CZ | ||
| 245 | 1 | 0 | |a Vzdelávanie pracovníkov ako proces zdieľania a zvyšovania znalostí |c Monika Tomčíková, Peter Živčák |
| 100 | 1 | |a Tomčíková, Monika | |
| 700 | 1 | |a Živčák, Peter | |